[Event "Metz op-B 28th"]
[Site "Metz"]
[Date "2010.04.11"]
[Round "2"]
[White "Blanchard, Alain"]
[Black "Azorit, Louis"]
[Result "0-1"]
[WhiteElo "1794"]
[BlackElo "1967"]
[PlyCount "128"]
[EventDate "2010.04.10"]
[EventType "swiss"]
[EventRounds "9"]
[EventCountry "FRA"]
[SourceTitle "CBM 136 Extra"]
[Source "ChessBase"]
[SourceDate "2010.07.02"]
[SourceVersion "2"]
[SourceVersionDate "2010.07.15"]
[SourceQuality "1"]

1. d4 Nf6 2. c4 e6 3. Nc3 Bb4 4. Qc2 c5 5. dxc5 0-0 6. a3 Bxc5 7. Nf3 Nc6 8. e3 d5 9. b4 Be7 10. Bb2 dxc4 11. Bxc4 a6 12. Be2 Bd7 13. Rd1 Qc7 14. h3 Rac8 15. 0-0 Rfd8 16. Rd2 Be8 17. Rxd8 Rxd8 18. Rd1 Rxd1+ 19. Qxd1 Qd6 20. Qc2 h6 21. Na4 Nd7 22. Nd4 Nf6 23. Bf3 Nd5 24. Nc5 Ncxb4 25. Nxb7 Nxc2 26. Nxd6 Nxd4 27. Nxe8 Nxf3+ 28. gxf3 f6 29. e4 Nf4 30. Nc7 Nxh3+ 31. Kf1 Nf4 32. a4 Nd3 33. Bd4 Bc5 34. Nxe6 Bxd4 35. Nxd4 Nc5 36. a5 h5 37. Nc6 Kf7 38. Nb4 g5 39. Kg2 Ke6 40. Kg3 Ke5 41. Nc6+ Kd6 42. Nb4 Ke6 43. Nc6 Nd3 44. Nb8 h4+ 45. Kg2 Nb4 46. Kh3 Kd6 47. f4 Nd3 48. fxg5 fxg5 49. Kg2 Nc5 50. e5+ Kxe5 51. Nc6+ Kf4 52. Ne7 g4 53. Ng6+ Kg5 54. Ne7 h3+ 55. Kg1 Kf4 56. Ng6+ Kg5 57. Ne7 Nb3 58. Nd5 Kf5 59. Kh2 Nxa5 60. Kg3 Nc4 61. f3 gxf3 62. Kxf3 Ke5 63. Nc3 Nd2+ 64. Kg3 Ne4+ 0-1

[Event "Metz op 26th"]
[Site "Metz"]
[Date "2008.04.19"]
[Round "1"]
[White "Sundararajan, Kidambi"]
[Black "Blanchard, Alain"]
[Result "1-0"]
[WhiteElo "2441"]
[BlackElo "1809"]
[PlyCount "83"]
[EventDate "2008.04.19"]
[EventType "swiss"]
[EventRounds "9"]
[EventCountry "FRA"]
[SourceTitle "CBM 123 Extra"]
[Source "ChessBase"]
[SourceDate "2008.05.06"]
[SourceVersion "1"]
[SourceVersionDate "2008.05.06"]
[SourceQuality "1"]

1. d4 d5 2. c4 c6 3. Nf3 Nf6 4. Nc3 e6 5. e3 Nbd7 6. Bd3 dxc4 7. Bxc4 b5 8. Bd3 Bb7 9. e4 Be7 10. 0-0 a6 11. e5 Nd5 12. Ne4 c5 13. Bg5 f6 14. exf6 N5xf6 15. Nxf6+ Nxf6 16. dxc5 Bxc5 17. Qe2 Qb6 18. Rae1 0-0 19. Qxe6+ Qxe6 20. Rxe6 Bd5 21. Re5 Rad8 22. Rd1 Bxf3 23. gxf3 Bd4 24. Re2 Rd5 25. Be3 Bxe3 26. fxe3 Rfd8 27. Red2 Kf8 28. Kf2 b4 29. Ke1 a5 30. Bc4 Rxd2 31. Rxd2 Ke7 32. Rxd8 Kxd8 33. Kd2 g5 34. Kd3 Ke7 35. Kd4 Kd6 36. Bb5 Nd5 37. e4 Nf4 38. e5+ Kc7 39. Ke4 Ne6 40. Bc4 Kd7 41. Bxe6+ Kxe6 42. b3 1-0

[Event "Metz op 24th"]
[Site "Metz"]
[Date "2006.04.25"]
[Round "4"]
[White "Chizelle, Bernard"]
[Black "Blanchard, Alain"]
[Result "1-0"]
[WhiteElo "1940"]
[BlackElo "1650"]
[PlyCount "51"]
[EventDate "2006.04.22"]
[EventType "swiss"]
[EventRounds "9"]
[EventCountry "FRA"]
[SourceTitle "EXT 2007"]
[Source "ChessBase"]
[SourceDate "2006.11.23"]
[SourceVersion "1"]
[SourceVersionDate "2006.11.23"]
[SourceQuality "1"]

1. e4 e5 2. Nf3 Nf6 3. Nxe5 d6 4. Nf3 Nxe4 5. d4 d5 6. Bd3 Nc6 7. 0-0 Be7 8. c4 Nf6 9. Nc3 0-0 10. Bg5 Nb4 11. Be2 dxc4 12. Bxc4 c6 13. Re1 Bg4 14. Rc1 h6 15. Bh4 Nbd5 16. h3 Bh5 17. g4 Nxc3 18. bxc3 Bg6 19. Ne5 Kh8 20. Qb3 Nd5 21. Bxe7 Nxe7 22. Qxb7 Nd5 23. Qxc6 Nf4 24. Qf3 Ne6 25. Bxe6 fxe6 26. Nxg6+ 1-0